000 00624nam a2200193Ia 4500
003 LDD
008 190117s9999 xx 000 0 und d
020 _a9789350725832
_c₹250
040 _cLDD
041 _ahi
082 _a8H3.7 शा76जं
100 _aशाह, रमेशचंद्र
245 0 _aजंगल में आग
_cरमेशचंद्र शाह
260 _aनई दिल्ली
_bवाणी प्रकाशन
_c2014
300 _a148
901 _aVANI
904 _aReqst by : J. M. Parakh
942 _2ddc
_cH
999 _c171636
_d171636